000
00298nam a22001337a 4500
008
170609b xxu||||| |||| 00| 0 eng d
020
_a
9781565845725
041
_a
eng
080
_a
328
100
_a
19
101
_a
SHP
245
_a
THE POLITICS OF CULTURE
_c
BRADFORD,C
942
_2
udc
_c
BK
999
_c
16784
_d
16784